| 000 | 01346cam a2200349 a 4500 | ||
|---|---|---|---|
| 999 |
_c9434 _d9434 |
||
| 003 | BD-JhCC | ||
| 005 | 20180314123056.0 | ||
| 008 | 030210s2002 enkb 001 0 eng | ||
| 020 | _a0140515046 | ||
| 035 |
_a(OCoLC)49906971 _aBD-JhCC |
||
| 040 |
_aUKM _cUKM _dOCLCQ _dEYE _dDAY _dMYG _dOrLoB-B _dBD-JhCC |
||
| 041 | _aeng | ||
| 050 | 4 | _aG1797.21.S1.M3 2002 | |
| 082 | 0 | 4 |
_a911.4 _221 _bMCE 2002 |
| 100 | 1 | _aMcEvedy, Colin. | |
| 245 | 1 | 4 |
_aThe new Penguin atlas of recent history : _bEurope since 1815 / _cColin McEvedy ; maps devised by the author and drawn by David Woodroffe. |
| 250 | _a2nd ed. | ||
| 260 |
_aLondon ; _aNew York : _bPenguin, _c2002. |
||
| 300 |
_a112 p. : _bcol. maps ; _c18 x 22 cm. |
||
| 500 | _aPrevious ed. published as: The Penguin atlas of recent history. 1982. | ||
| 500 | _aIncludes index. | ||
| 505 | 0 | 0 |
_tEurope in 1848 -- _tFranco-Prussian War -- _tFirst World War -- _tSecond World War -- _tEurope in 2000. |
| 651 | 0 |
_aEurope _xHistory _y1789-1900 _vMaps. |
|
| 651 | 0 |
_aEurope _xHistory _y1789-1900. |
|
| 651 | 0 |
_aEurope _xHistory _y20th century _vMaps. |
|
| 651 | 0 |
_aEurope _xHistory _y20th century. |
|
| 700 | 1 |
_aMcEvedy, Colin. _tPenguin atlas of recent history. |
|
| 700 | 1 | _aWoodroffe, David. | |
| 942 |
_2ddc _cBK |
||
| 949 | 0 |
_4IP _ah _bHUM _cSTACK _o0 _p39080026386125 _x01 _hG1797.21.S1.M3 2002 |
|